Statistics for Countries That ISIS Supporters Are Tweeting From

Click here to take the quiz!

General Stats

  • This quiz has been taken 193 times
  • The average score is 8 of 11

Answer Stats

TweetsCountry% Correct
453Iraq
95%
507Syria
91%
404United States
91%
866Saudi Arabia
89%
139United Kingdom
86%
326Egypt
78%
203Turkey
75%
162*Palestine
68%
141Lebanon
66%
300Kuwait
51%
125Tunisia
48%

Score Distribution

Percentile by Number Answered

Percent of People with Each Score

Your Score History

You have not taken this quiz